Danish dairy industry : (Record no. 219378)
[ view plain ]
| 000 -CABECERA | |
|---|---|
| campo de control de longitud fija | 00426nas a2200157 c 4500 |
| 005 - FECHA Y HORA DE LA ÚLTIMA TRANSACCIÓN | |
| campo de control | 20231110095322.0 |
| 008 - DATOS DE LONGITUD FIJA--INFORMACIÓN GENERAL | |
| campo de control de longitud fija | 231110c1976 Dk uu|p|r|||| 00| 0 eng d |
| 040 ## - FUENTE DE LA CATALOGACIÓN | |
| Centro catalogador/agencia de origen | CHAP |
| 090 ## - LOCALMENTE ASIGNADO TIPO-LC NÚMERO DE CLASIFICACIÓN (OCLC); NÚMERO DE CLASIFICACIÓN LOCAL (RLIN) | |
| Número de clasificación (OCLC) (R) ; Numero de clasificación, CALL (RLIN) (NR) | Revista |
| 245 ## - MENCIÓN DE TÍTULO | |
| Título | Danish dairy industry : |
| Resto del título | worldwide |
| 260 ## - PUBLICACIÓN, DISTRIBUCIÓN, ETC. | |
| Lugar de publicación, distribución, etc. | Dinamarca : |
| Nombre del editor, distribuidor, etc. | Dairy Engineers, |
| Fecha de publicación, distribución, etc. | 1976- |
| 300 ## - DESCRIPCIÓN FÍSICA | |
| Extensión | v. |
| 650 #0 - PUNTO DE ACCESO ADICIONAL DE MATERIA--TÉRMINO DE MATERIA | |
| 9 (RLIN) | 143326 |
| Término de materia o nombre geográfico como elemento de entrada | Industria láctea |
| Subdivisión geográfica | Dinamarca |
| 650 #0 - PUNTO DE ACCESO ADICIONAL DE MATERIA--TÉRMINO DE MATERIA | |
| 9 (RLIN) | 141141 |
| Término de materia o nombre geográfico como elemento de entrada | Leche |
| Subdivisión general | Producción |
| 942 ## - ELEMENTOS DE PUNTO DE ACCESO ADICIONAL (KOHA) | |
| Fuente del sistema de clasificación o colocación | Dewey Decimal Classification |
| Estado de retiro | Estado de pérdida | Fuente del sistema de clasificación o colocación | Estado dañado | Restricciones de uso | No para préstamo | Código de colección | Localización permanente | Ubicación/localización actual | Ubicación en estantería | Fecha de adquisición | Enumeración/cronología de publicación seriada | Total de préstamos | Signatura topográfica completa | Código de barras | Fecha visto por última vez | Precio válido a partir de | Tipo de ítem Koha |
|---|---|---|---|---|---|---|---|---|---|---|---|---|---|---|---|---|---|
| Clasificación Universidad Autónoma de Chapingo | Préstamo interno | Publicaciones seriadas | Biblioteca Central | Biblioteca Central | Planta baja - Hemeroteca | 14/11/2023 | Septiembre 1976 | Revista | BC-H-00003771 | 14/11/2023 | 14/11/2023 | Publicaciones seriadas | |||||
| Clasificación Universidad Autónoma de Chapingo | Préstamo interno | Publicaciones seriadas | Biblioteca Central | Biblioteca Central | Planta baja - Hemeroteca | 14/11/2023 | Junio 1978 | Revista | BC-H-00003772 | 14/11/2023 | 14/11/2023 | Publicaciones seriadas | |||||
| Clasificación Universidad Autónoma de Chapingo | Préstamo interno | Publicaciones seriadas | Biblioteca Central | Biblioteca Central | Planta baja - Hemeroteca | 14/11/2023 | Abril 1980 | Revista | BC-H-00003773 | 14/11/2023 | 14/11/2023 | Publicaciones seriadas | |||||
| Clasificación Universidad Autónoma de Chapingo | Préstamo interno | Publicaciones seriadas | Biblioteca Central | Biblioteca Central | Planta baja - Hemeroteca | 14/11/2023 | Octubre 1984 | Revista | BC-H-00003774 | 14/11/2023 | 14/11/2023 | Publicaciones seriadas |
